LEADER 01318nam a2200277 i 4500 001 000000254015 003 CaOOAMICUS 005 20241204143842.0 008 170530s1980 it u000 u ita u 040 $aSeMil$bita 100 1 $aAdriányi, Gabriel.$0(OLS)http://semarc/name/37326 240 14$aDie Weltkirche im 20. Jahrhundert.$0(OLS)http://semarc/title/410843 245 10$a10.2: La Chiesa nei vari paesi ai nostri giorni /$cGabriel Adriányi ... [et al.] ; traduzione Carlo Danna ; aggiornamento bibliografico Luigi Mezzadri. 300 $aXX, P. 452-788. ;$c25 cm 490 1 $aGià e non ancora ;$v67 650 4$aChiesa - Storia - Sec. 20.-21.$0(OLS)http://semarc/subject/686 700 1 $aDanna, Carlo.$0(OLS)http://semarc/name/2768 773 0 $tStoria della Chiesa.$dMilano : Jaca Book, 1975-1995.$gVol.10$w()1532 830 0$aGià e non ancora ;$v67.$0(OLS)http://semarc/title/5902 850 $aSeMil 852 $aSeMil$W1$xVenegono$y1$mSL1.F VI 10/2$j41728$B41728$CSeMilBibl$Z2$F41732 $8I 852 $aSeMil$W1$xVenegono$y1$m3A V 374/2$j204361$B204361$CSeMilBibl$Z2$F218112 $81 961 $aAcquisto: Casa editrice 961 $aRecupero: Seminario di Seveso 996 $6245$a10.2: La Chiesa nei vari paesi ai nostri giorni$9(OLS)http://semarc/title/410842 LEADER 01696nas a2200301 i 4500 001 000000233918 003 CaOOAMICUS 005 20140930000000.0 008 140919b2013 it uu u0 0ita r 013 $a212821 040 $aSeMil$bita 240 00$a64. Settimana Liturgica Nazionale, Bergamo, 26-30 agosto 2013 : celebrazioni.$0(OLS)http://semarc/title/333908 245 10$aCose nuove e cose antiche (Mt 13, 52) :$bla liturgia a 50 anni dal Concilio /$cCentro Azione Liturgica. 246 04$iTitolo in copertina:$a64. Settimana Liturgica Nazionale, Bergamo, 26-30 agosto 2013 : celebrazioni 260 $aRoma :$bCAL,$c2013. 300 $a120 p. :$bill., notazione musicale ;$c21 cm. 500 $aIn copertina : Diocesi di Bergamo. - In 4. di copertina : Con il contributo di Fondazione Banca Popolare di Bergamo ... [et al.]. 700 1 $aDiocesi di Bergamo.$0(OLS)http://semarc/name/2410 700 1 $aFondazione Banca Popolare di Bergamo .$0(OLS)http://semarc/name/80237 700 1 $aSettimana Liturgica Nazionale <64. ; 2013 ; Bergamo>.$0(OLS)http://semarc/name/80236 710 2 $aCentro di Azione Liturgica .$0(OLS)http://semarc/name/485 774 0 $t[vedi periodico].$w()281680 850 $aSeMil 852 $aSeMil$W1$xVenegono$y1$m97 4 58/S$j184264$B184264$CSeMilBibl$Z2$F195237 $85 961 $aCambio: Scuola Cattolica 996 $6245$aCose nuove e cose antiche (Mt 13, 52) :$bla liturgia a 50 anni dal Concilio$9(OLS)http://semarc/title/333909 996 $6246$a64. Settimana Liturgica Nazionale, Bergamo, 26-30 agosto 2013 : celebrazioni$9(OLS)http://semarc/title/333908 996 $6260$aRoma :$bCAL$9(OLS)http://semarc/publisher/30728